Rentgenologie močového ústrojí /
Uložené v:
| Hlavný autor: | |
|---|---|
| Ďalší autori: | |
| Médium: | Kniha |
| Jazyk: | Czech |
| Vydané: |
Praha :
Státní zdravotnické nakladatelství,
1960.
|
| Vydanie: | 1. vyd. |
| ISBN: |
(viaz.) |
| Fyzický popis: |
434, [1] s. + : obr., fot., fareb. il. v texte. |
| Tagy: |
Pridať tag
Žiadne tagy, Buďte prvý kto otaguje tento záznam!
|
Titul je dostupný aj v ... 

MARC
| LEADER | 00000cam a22000007a 4500 | ||
|---|---|---|---|
| 001 | 000212813 | ||
| 005 | 20150625205004.0 | ||
| 008 | 980521 1960 xr e cze d | ||
| 020 | |a (viaz.) |c Kčs 53,00 | ||
| 040 | |a SVKKK |b slo |c SVKKK |e AACR2 | ||
| 041 | 0 | |a cze | |
| 044 | |a xr |c CZ | ||
| 100 | 1 | |a Žahourek, Václav |d 1899-1961 |4 aut | |
| 245 | 1 | 0 | |a Rentgenologie močového ústrojí / |c [Autor:] Václav Žahourek ; Předml.: Václav Šváb. |
| 250 | |a 1. vyd. | ||
| 260 | |a Praha : |b Státní zdravotnické nakladatelství, |c 1960. | ||
| 300 | |a 434, [1] s. + : |b obr., fot., fareb. il. v texte. | ||
| 500 | |a Vecný register | ||
| 700 | 1 | |a Šváb, Václav |d 1900-1981 |4 aui | |
| 910 | |a svkkk | ||
| 998 | |a BK | ||
| 090 | |g SCKHL |k Sklad Pribinova 1. posch. |a IV.17774 |j 261995 |i 212813-10 |s Prezenčne | ||
| 090 | |g SCKHL |k Sklad Pribinova 1. posch. |a IV.23602 |j 195671 |i 212813-20 |s Prezenčne | ||